Mirkó királyfi meg a táltos Francia népmese ; Illusztr. Noémi Rácz, Károly Reich ; Átdolg. Ilona Bartócz

Bibliographic Details
Main Author: Reich, Károly, 1922-1988 (Author)
Other Authors: Rácz, Noémi, 1972- (Illustrator), Bartócz, Ilona (apd)
Format: Article
Language:Hungarian
Subjects:

MARC

LEADER 00000nab a2200000 a 4500
001 vtls000581814
003 SK-MaSNL
005 20260303181956.0
008 160202c1996 xo 0 hun
015 |a SNBRB19rr/mm-uuuuu 
035 |a CL0581953 
040 |a SNKBUCL  |b slo  |c SNKBUCL  |e AACR2 
041 0 |a hun 
044 |a xo  |c SK 
080 |a 840-93=945.11  |2 1981 
245 0 0 |a Mirkó királyfi meg a táltos  |b Francia népmese ; Illusztr. Noémi Rácz, Károly Reich ; Átdolg. Ilona Bartócz 
650 0 7 |a ľudové rozprávky  |2 snkbucl  |9 73195 
655 7 |a články z novín a časopisov  |2 snkbucl  |9 267496 
655 7 |a články z odboru literárna veda a krásna literatúra  |2 snkbucl  |9 770045 
700 1 |a Rácz, Noémi,  |d 1972-  |4 ill  |9 101585 
700 1 |a Reich, Károly,  |d 1922-1988  |4 aut  |9 228590 
700 1 |a Bartócz, Ilona  |4 apd  |9 11098 
773 0 |t Vasárnap  |g Roč. 29, č. 12 (1996), s. 10 
850 |a Slovenská národná knižnica v Martine  |a DSG001 
852 |a SNK  |b KIS3GCP 
958 |a RK 
958 |a HU 
958 |a LX 
992 |a RBX 
999 |c 2114880  |d 2116810